A mediodía llovían pájaros (Registro nro. 17234)
[ vista simple ]
| 000 -LDR (LÍDER) | |
|---|---|
| Campo de control de longitud fija | 01807nam a2200325 a 4500 |
| 003 - IDENTIFICADOR DEL NÚMERO DE CONTROL | |
| Campo de control | CO-PeBPR |
| 005 - FECHA Y HORA DE LA ÚLTIMA TRANSACCIÓN | |
| Campo de control | 20260413150424.0 |
| 008 - ELEMENTOS DE DATOS DE LONGITUD FIJA--INFORMACIÓN GENERAL | |
| Campo de control de longitud fija | 231121s2023 ck a|||jr|||| 000 1|spa d |
| 020 ## - Código Internacional normalizado para libros | |
| Código Internacional normalizado para libros | 9786287609099 |
| 040 0# - FUENTE DE CATALOGACIÓN | |
| Agencia catalogadora original | CO-PeBPR |
| Idioma de la agencia catalogadora | spa |
| Norma para la descripción | rda |
| Agencia que transcribe | CO-PeBPR |
| 041 0# - Código del Idioma | |
| Código idioma del recurso original | spa |
| 082 04 - NÚMERO DE CLASIFICACIÓN DECIMAL DEWEY | |
| Número de clasificación | (i) Co863 V434a |
| 100 1# - ASIENTO PRINCIPAL--NOMBRE PERSONAL | |
| Nombre personal | Velásquez Guiral, Marcela, |
| Fechas asociadas al nombre | 1984- , |
| Términos de relación | autora |
| 9 (RLIN) | 279377 |
| 245 10 - MENCIÓN DE TÍTULO | |
| Título propiamente dicho | A mediodía llovían pájaros |
| Mención de responsabilidad | / Marcela Guiral Velásquez ; ilustraciones de Alejandra Estrada |
| 250 ## - MENCIÓN DE EDICIÓN | |
| Mención de edición | Edición especial |
| 264 #1 - Área de la Producción Publicación, Distribución, Manufactura, etc. | |
| Lugar de publicación, distribución, etc. | Bogotá, Colombia |
| Nombre de la editorial, distribuidor, etc. | : Babel |
| Fecha de publicación, distribución, etc. | , 2023 |
| 300 ## - DESCRIPCIÓN FÍSICA | |
| Extensión | 259 páginas |
| Otros detalles físicos | : ilustraciones a color |
| Dimensiones | ; 19 centímetros |
| 336 ## - Tipo de Contenido | |
| Tipo de contenido | texto |
| Código de tipo de contenido | txt |
| 337 ## - Tipo de Medio | |
| Tipo de Medio | sin mediación |
| Código de tipo de medio | n |
| Fuente | rdamedio |
| 338 ## - Tipo de Soporte | |
| Tipo de soporte | volumen |
| Código de tipo de soporte | nc |
| Fuente | rdasoporte |
| 504 ## - NOTA DE BIBLIOGRAFIA, ETC. | |
| Nota de bibliografía | Incluye bibliografía. |
| 520 ## - NOTA DE RESUMEN, ETC. | |
| Nota de sumario | Un pueblo en medio de las montañas de Colombia, un bosque antes habitado por mariposas azules, ahora un bosque y un pueblo de pájaros. Pájaros que no solo hacen parte de la vida diaria, pájaros que dictan la actuación y determinan el futuro de los habitantes con quienes comparten el pueblo. Hubo antes una guerra que acabó con las mariposas; ahora, llega hasta el pueblo lo peor de otra guerra y nuevamente la naturaleza, esta vez representada por los pájaros, lleva la peor parte y a la vez representa la salvación. Una historia que se repite, un pueblo que aprende de su pasado. (Tomado a partes del texto). |
| 521 ## - NOTA DE AUDIENCIA | |
| Nota de audiencia | Recomendado para un público mayor de 12 años |
| 650 14 - ASIENTO SECUNDARIO DE MATERIA - TÉRMINO TEMÁTICO | |
| Fuente del encabezado o término | LEMB |
| Encabezamiento temático | Cuentos juveniles colombianos |
| Subdivisión cronológica | Siglo XXI |
| 9 (RLIN) | 23873 |
| 650 14 - ASIENTO SECUNDARIO DE MATERIA - TÉRMINO TEMÁTICO | |
| Fuente del encabezado o término | LEMB |
| Encabezamiento temático | Literatura juvenil colombiana |
| Subdivisión cronológica | Siglo XXI |
| 9 (RLIN) | 279378 |
| 650 14 - ASIENTO SECUNDARIO DE MATERIA - TÉRMINO TEMÁTICO | |
| Encabezamiento temático | Conflicto armado en la literatura |
| Fuente del encabezado o término | LEMB |
| 9 (RLIN) | 279379 |
| 650 14 - ASIENTO SECUNDARIO DE MATERIA - TÉRMINO TEMÁTICO | |
| Fuente del encabezado o término | LEMB |
| Encabezamiento temático | Aves |
| Subdivisión geográfica | Colombia |
| 9 (RLIN) | 20844 |
| 700 1# - ASIENTO SECUNDARIO - NOMBRE PERSONAL | |
| Nombre personal | Estrada, Alejandra |
| Término de relación, rol en la obra | ilustradora |
| 9 (RLIN) | 279380 |
| 942 ## - ENTRADA DE ELEMENTOS AGREGADOS (KOHA | |
| Fuente de clasificación o esquema de estantería. | Dewey Decimal Classification |
| Tipo de ítem | Literartura |
| Estado de pérdida | Fuente del sistema de clasificación o colocación | Estado de daño | No disponible para préstamo | Colección | Biblioteca de origen | Biblioteca actual | Ubicación en estantería | Signatura topográfica completa | Ejemplar | Código de barras | Tipo de ítem | Fecha de adquisición | Fuente de adquisición | Total de pagos | Fecha de la última vez visto |
|---|---|---|---|---|---|---|---|---|---|---|---|---|---|---|---|
| Dewey Decimal Classification | Infantil | Biblioteca Pública Municipal Isaías Naranjo Ríos | Biblioteca Pública Municipal Isaías Naranjo Ríos | Área Infantil | C VEL13 | Ej. 1 | API01 - 3470 | Literatura Infantil | 09/09/2023 | Dotación MinCultura y BNC | 12/02/2025 | ||||
| Dewey Decimal Classification | Infantil | Sala de Patrimonio Bibliográfico y Documental - Biblioteca Departamental | Sala de Patrimonio Bibliográfico y Documental - Biblioteca Departamental | Área Infantil | (i) Co863 V434a | Ej.1 | RIBPD14727 | Literatura Infantil | 13/04/2026 | Dotación MinCultura y BNC | 13/04/2026 |